Ghost - Respite On The Spitalfields Lyrics - Statistics

General Stats
  • This quiz has been taken 13 times
  • The average score is 217 of 245
Answer Stats
Answer % Correct
a
100%
after
100%
and
100%
And
100%
away
100%
be
100%
blood
100%
bones,
100%
break
100%
diced
100%
Did
100%
distant
100%
dreams
100%
ever
100%
flesh
100%
For
100%
forever
100%
go
100%
Has
100%
He
100%
he
100%
hear
100%
here
100%
I
100%
I’ll
100%
in
100%
into
100%
Is
100%
is
100%
Jesus
100%
last
100%
lasts
100%
light
100%
like
100%
Like
100%
mangled
100%
murderous
100%
night
100%
no
100%
Nothing
100%
of
100%
one
100%
One
100%
our
100%
past
100%
shadow,
100%
sliced
100%
So
100%
softly
100%
spun
100%
tears
100%
that
100%
That
100%
the
100%
The
100%
thunder?
100%
to
100%
To
100%
together
100%
was
100%
Was
100%
We
100%
we
100%
We’re
100%
Were
100%
will
100%
With
100%
with
100%
wonder
100%
yarn
100%
you
100%
you’ll
100%
back
88%
bowels
88%
city
88%
come
88%
crafter,
88%
day
88%
farewell
88%
From
88%
Goodbye
88%
have
88%
Hell
88%
it?
88%
Jezebel
88%
leaving
88%
moon
88%
Oz
88%
pieces
88%
Saint
88%
Seven
88%
Sisters
88%
story
88%
tell
88%
this
88%
Wizard
88%
applause
75%
awe
75%
by
75%
creeper
75%
earth
75%
gutter
75%
pit
75%
salting
75%
shed
75%
sound
75%
didn’t
63%
dread
63%
hailed
63%
king
63%
pretend
63%
promised
63%
quite
63%
scene,
63%
see
63%
shine
63%
steel
63%
street
63%
wasn’t
63%
what
63%
as
50%
As
50%
autumnal
50%
curtain
50%
dead
50%
entangled
50%
Now
50%
real
50%
reaper,
50%
saw
50%
stains
50%
walking
50%
When
50%
all
38%
appeared
38%
ascend
38%
become
38%
Can
38%
just
38%
seats
38%
sham
38%
slash
38%
stood
38%
there
38%
unveiled
38%
his
25%
lost
25%
mislead
25%
No matching quizzes found
Score Distribution
Percent of People with Each Score
Percentile by Number Answered
Your Score History
You have not taken this quiz